000 00512nam a2200181Ia 4500
003 GCL
008 140319s9999 xx 000 0 ara d
040 _aGCL /
_cGCL
082 0 4 _a811.062
_bس ا
100 1 _aسعد امين عزالدين
245 1 0 _aاياالله مشاعر وخواطر /
_cسعد امين عزالدين
300 _a106 ص
490 _aكتاب
_v0
650 0 4 _aالاسلام
650 0 4 _aالشعر الدينى
650 0 4 _aالقصائد الدينية
942 _2ddc
_cBK
999 _c42668
_d42668